000 00326nam a2200133Ia 4500
008 191201s2011 xx 000 0 und d
100 _aKAPOOR, Premvir
245 0 _aCounselling and Negotiation Skills For Managers
250 _a1st
260 _aN. Delhi
_bBiztantra
_c2011
300 _a254
650 _aBBA
942 _2ddc
_cBK
999 _c115
_d115